Statistiques concernant Oscar du meilleur film

Cliquez ici pour prendre le quiz!

Statistiques générales

  • Ce quiz a été pris 368 fois
  • Le résultat moyen est 20 sur 89

Statistiques - réponses

AnnéeOscar du meilleur film% Correct
1998Titanic
78%
1973Le Parrain
66%
2012The Artist
63%
1995Forrest Gump
58%
1940Autant en emporte le vent
56%
1960Ben-Hur
52%
2004Le Seigneur des anneaux : Le Retour du roi
50%
1975Le Parrain 2
49%
2001Gladiator
46%
1994La Liste de Schindler
46%
2017Moonlight
46%
1992Le Silence des agneaux
45%
1976Vol au-dessus d'un nid de coucou
42%
2015Birdman
41%
2005Million Dollar Baby
38%
2007Les infiltrés
37%
2000American Beauty
34%
2011Le Discours d'un roi
34%
2016Spotlight
34%
2013Argo
33%
1944Casablanca
32%
1980Kramer contre Kramer
31%
1989Rain Man
31%
1977Rocky
30%
2010Démineurs
29%
1986Out of Africa
28%
1987Platoon
28%
1999Shakespeare in Love
28%
2009Slumdog Millionaire
28%
2014Twelve Years a Slave
28%
1962West Side Story
28%
1985Amadeus
27%
1991Danse avec les loups
27%
1996Braveheart
26%
1993Impitoyable
25%
2008No Country for Old Men
25%
1979Voyage au bout de l'enfer
25%
1990Miss Daisy et son chauffeur
23%
2003Chicago
22%
1963Lawrence d'Arabie
22%
1997Le Patient anglais
21%
2002Un homme d'exception
21%
1978Annie Hall
20%
1958Le Pont de la rivière Kwai
20%
1983Gandhi
19%
2006Collision
18%
1972French Connection
18%
1966La Mélodie du bonheur
17%
1929Les Ailes
17%
1974L'Arnaque
16%
1988Le Dernier Empereur
16%
1971Patton
15%
1982Les Chariots de feu
14%
1935New York-Miami
14%
1941Rebecca
14%
1930 (novembre)A l'Ouest, rien de nouveau
13%
1955Sur les quais
13%
1951Eve
12%
1970Macadam Cowboy
12%
1961La Garçonnière
11%
1965My Fair Lady
11%
1954Tant qu'il y aura des hommes
11%
1968Dans la chaleur de la nuit
10%
1949Hamlet
10%
1969Oliver !
10%
1938La Vie d'Emile Zola
9%
1956Marty
9%
1942Qu'elle était verte ma vallée
9%
1936Les Révoltés du Bounty
8%
1984Tendres passions
8%
1981Des gens comme les autres
7%
1959Gigi
7%
1932Grand Hotel
7%
1946Le Poison
7%
1943Madame Miniver
7%
1947Les Plus Belles Années de notre vie
6%
1953Sous le plus grand chapiteau du monde
6%
1964Tom Jones
6%
1939Vous ne l'emporterez pas avec vous
6%
1934Cavalcade
5%
1931La Ruée vers l'Ouest
5%
1950Les Fous du roi
5%
1957Le Tour du monde en quatre-vingt jours
5%
1930 (avril)Broadway Melody
4%
1945La Route semée d'étoiles
4%
1937Le Grand Ziegfeld
4%
1948Le Mur invisible
4%
1967Un homme pour l'éternité
4%
1952Un Amériain à Paris
1%

Distribution des résultats

Percentile par nombre de réponses

% des personnes avec chaque résultat

Votre développement - résultats

Vous n’avez pas pris ce quiz